000
00323nam a22001457a 4500
008
180813b xxu||||| |||| 00| 0 eng d
020
_a
0683046195
041
_a
eng
080
_a
61
082
_a
61
100
_a
6
101
_a
ANE
245
_a
Narcotic analgesics in anesthesiology
_c
Kitahata.L.M
942
_2
udc
_c
BK
999
_c
47056
_d
47056